LEADER 01007nam 2200361 450 001 9910137729703321 005 20221023193748.0 010 $a953-51-5935-6 035 $a(CKB)3230000000076443 035 $a(NjHacI)993230000000076443 035 $a(EXLCZ)993230000000076443 100 $a20221023d2010 uy 0 101 0 $aeng 135 $aur||||||||||| 181 $ctxt$2rdacontent 182 $cc$2rdamedia 183 $acr$2rdacarrier 200 00$aModel predictive control /$fedited by Tao Zheng 210 1$aRijeka, Croatia :$cInTech,$d[2010] 210 4$dİ2010 215 $a1 online resource (306 pages) $cillustrations 311 $a953-307-102-8 320 $aIncludes bibliographical references. 606 $aPredictive control 615 0$aPredictive control. 676 $a629.8 702 $aZheng$b Tao 801 0$bNjHacI 801 1$bNjHacl 906 $aBOOK 912 $a9910137729703321 996 $aModel Predictive Control$91981244 997 $aUNINA